BIBLIOTECA

SENCICO

Public architecture : (Registro nro. 3809)

Detalles MARC
000 -LEADER
fixed length control field 00777nam a22002297a 4500
003 - CONTROL NUMBER IDENTIFIER
control field PE SENCICO BE
005 - DATE AND TIME OF LATEST TRANSACTION
control field 20251020182626.0
008 - FIXED-LENGTH DATA ELEMENTS--GENERAL INFORMATION
fixed length control field 230203b |||||||| |||| 00| 0 eng d
020 ## - INTERNATIONAL STANDARD BOOK NUMBER
International Standard Book Number 978-84-15829-65-2
040 ## - CATALOGING SOURCE
Original cataloging agency PE SENCICO BE
Transcribing agency PE SENCICO BE
041 ## - LANGUAGE CODE
Language code of text/sound track or separate title eng
082 ## - DEWEY DECIMAL CLASSIFICATION NUMBER
Classification number 720
Item number M5
110 1# - MAIN ENTRY--CORPORATE NAME
9 (RLIN) 238
Corporate name or jurisdiction name as entry element Instituto Monsa de Ediciones
245 1# - TITLE STATEMENT
Title Public architecture :
Remainder of title buidings, terminals, bus stop, train station ... /
Statement of responsibility, etc. Instituto Monsa de Ediciones
260 ## - PUBLICATION, DISTRIBUTION, ETC.
Place of publication, distribution, etc. Barcelona :
Name of publisher, distributor, etc. Instituto Monsa de Ediciones,
Date of publication, distribution, etc. 2014
300 ## - PHYSICAL DESCRIPTION
Extent 111 p. :
Other physical details il. col., fotog.,
Dimensions 24 cm.
650 14 - SUBJECT ADDED ENTRY--TOPICAL TERM
9 (RLIN) 49
Topical term or geographic name entry element Arquitectura
650 24 - SUBJECT ADDED ENTRY--TOPICAL TERM
9 (RLIN) 569
Topical term or geographic name entry element Terminal de autobuses
650 24 - SUBJECT ADDED ENTRY--TOPICAL TERM
9 (RLIN) 570
Topical term or geographic name entry element Arquitectura urbana
910 ## - USER-OPTION DATA (OCLC)
-- hfp
-- hfp
942 ## - ADDED ENTRY ELEMENTS (KOHA)
Source of classification or shelving scheme Dewey Decimal Classification
Koha item type Libros
Classification part 720
Item part I4
Existencias
Fecha de la última vez que lo usaron Número de ingreso o de inventario Pago total Signatura topográfica completa Precio efectivo desde Tipo de documento Estado perdido Sistema de clasificación Estado dañado No es para préstamo Retirado Ubicación permanente Ubicación actual Fecha de adquisición Número de ejemplar
03/02/2023 16476   720/I4 03/02/2023 Libros   Dewey Decimal Classification       Biblioteca Central Lima Biblioteca Central Lima 03/02/2023  
17/02/2023 16142   720/I4/ej. 2 17/02/2023 Libros   Dewey Decimal Classification       Biblioteca Central Lima Biblioteca Central Lima 17/02/2023 ej. 2